000
00348nam a22001457a 4500
008
230411b |||||||| |||| 00| 0 eng d
020
_a
9781509800018
082
_a
813.54
100
_a
Zen Cho
245
_a
Black Water Sister
260
_b
Pan Macmillan,
_c
2022
300
_a
370 p.
_c
20 cm
942
_2
ddc
999
_c
9544
_d
9545